00429 a2200181 4500260001000000630002500010037001300035650002800048100001700076260002500093245006200118300001100180650001900191260000900210300000900219100000700228037001200235 aParis a657 - Comptabilité b1, Achat a6 - SCIENCES APPLIQUEES aPatureau, R. bLes Editions Foucher aLa nouvelle technique comptable : corrigé des exercices a208 p. aComptabilité c1971 b22cm lFr aDE 0331